000
00215 a2200097 4500
001
9607
100
_a
Krauskopf, K
245
_a
Fundamental of Physical Science
260
_a
_b
Mc Graw Hell
_c
090
_c
7647
_d
7647
942
_a
NUST-CAE
_c
M
_c
34319
999
_c
244680
_d
244680